| 000 | 01944cam a22005534i 4500 | ||
|---|---|---|---|
| 003 | PE-LiUPU | ||
| 005 | 20250731165513.0 | ||
| 008 | 150623s r 000 0 d | ||
| 020 | _a0805401202 | ||
| 035 | _a(Sirsi) i9780805401202 | ||
| 040 |
_aPE-LiUPU _bspa _cPE-LiUPU _erda |
||
| 049 | _aPRUA | ||
| 082 | 0 | 4 |
_a221.077 _bN _221 |
| 100 | 1 |
_aBarker, Kenneth L., _eautor. |
|
| 245 | 1 | 0 |
_aMicah, Nahum, Habakkuk, Zephaniah. _n20 / _cKenneth L. Barker. |
| 264 | 1 |
_aNashville, Tennessee : _bBroadman & Holman Publishers, _c1998. |
|
| 300 |
_a528 páginas ; _c24 centímetros |
||
| 336 |
_atext _2rdacontent |
||
| 337 |
_aunmediated _2rdamedia |
||
| 338 |
_avolume _2rdacarrier |
||
| 490 | 0 |
_aThe New American Commentary ; _v20 |
|
| 504 | _aIncluye bibliografía. | ||
| 505 | 0 | _aMicah, Nahum, Habakkuk, Zephaniah. | |
| 526 | _aSEG44 | ||
| 526 | _aSEG26 | ||
| 526 | _aP151 | ||
| 526 | _aP150 | ||
| 526 | _aP149 | ||
| 526 | _aP146 | ||
| 526 | _aP145 | ||
| 526 | _aP126 | ||
| 526 | _aP125 | ||
| 526 | _aP92 | ||
| 526 | _aP75 | ||
| 526 | _aP74 | ||
| 526 | _aP27 | ||
| 526 | _aP15 | ||
| 630 |
_aBiblia. _pA.T. _pHabacuc _xComentarios. |
||
| 630 |
_aBiblia. _pA.T. _pMiqueas _xComentarios. |
||
| 630 |
_aBiblia. _pA.T. _pNahum _xComentarios. |
||
| 630 |
_aBiblia. _pA.T. _pSofonías _xComentarios. |
||
| 700 | 1 | _aBailey, Waylon. | |
| 942 |
_2ddc _cBOOK |
||
| 949 |
_a221.077 N 20 _wDEWEY _c1 _i48636 _d2016-4-25 _e2016-4-25 _lCCODEBUL1 _mBUL _n1 _r0 _sY _tBOOK _u2015-6-24 _xTEOLOGIA _PP35 _0COMPRA _o.CIRCNOTE. No olvidar cambiar la fecha de devolución!!!!!!! _o.STAFF. Colección General |
||
| 994 |
_aC0 _bPEPRU |
||
| 596 | _a1 | ||
| 999 |
_aRC 221.077 N 20 _wDEWEY _c27807 _i48636 _d27807 _e2017-5-19 _f2021-11-8 _g6 _lCCODEBUL1 _mBUL _n2 _q11 _r1 _sY _tBOOK _u2015-6-24 _xTEOLOGIA _PP35 _0COMPRA _o.CIRCNOTE. No olvidar cambiar la fecha de devolución!!!!!!! _o.STAFF. Colección General |
||
| 980 |
_81 _gALBERTO SANCHEZ Responsable de Automatización |
||